|
|
|
|
| LEADER |
00000ckm a2200000 a 4500 |
| 001 |
vtls001248064 |
| 003 |
SK-MaSNL |
| 005 |
20260331203532.0 |
| 007 |
kf co |
| 008 |
160414s1994 xo g 0kuslo |
| 015 |
|
|
|a SNBG1994
|
| 035 |
|
|
|a SNK000198883
|
| 040 |
|
|
|a SNK
|b slo
|c SNK
|e AACR2
|
| 041 |
0 |
|
|a slo
|
| 043 |
|
|
|a e-xo---
|
| 044 |
|
|
|a xo
|c SK
|
| 072 |
|
7 |
|a 913
|x Regionálna geografia
|2 konspekt
|
| 080 |
|
|
|a 913(437.6)
|2 2011
|
| 080 |
|
|
|a 908(437.6)
|2 2011
|
| 080 |
|
|
|a 904(084.121)
|2 2011
|
| 080 |
|
|
|a 908.437.646(084.121)
|2 1981
|
| 100 |
1 |
|
|a Šmátrala, Milan
|c (fotograf)
|4 pht
|9 164919
|
| 245 |
1 |
|
|a Pozdrav z Oravy
|h grafika
|b Oravský Podzámok : Dolný Kubín - námestie : Vyšný Kubín - kaštieľ : Zázrivá
|c foto: Milan Šmátrala, Vlasta Šmátralová
|
| 246 |
1 |
|
|i Názov na obrazovej časti:
|a Pozdrav z Oravy
|
| 260 |
|
|
|a Bratislava
|b Danubiapress
|c 1994
|
| 300 |
|
|
|a 1 pohľadnica (4 čiastkové pohľady)
|b farebná
|c 11 x 15 cm
|
| 520 |
8 |
|
|a Zobrazenie:
|
| 610 |
2 |
7 |
|a Oravský hrad (Oravský Podzámok, Slovensko)
|2 SNKKA
|9 32353
|
| 651 |
|
7 |
|a Orava (Slovensko : región)
|2 SNKPHgeo
|9 116635
|
| 655 |
|
7 |
|a pohľadnice kultúrnych pamiatok
|2 SNKPH
|9 70523
|
| 655 |
|
7 |
|a geografické pohľadnice
|2 SNKPH
|9 70522
|
| 655 |
|
7 |
|a miestne pohľadnice
|2 SNKPH
|9 70510
|
| 700 |
1 |
|
|a Šmátralová, Vlasta
|c (fotografka)
|4 pht
|9 283285
|
| 958 |
|
|
|a GBN
|
| 958 |
|
|
|a GC
|
| 958 |
|
|
|a OND
|
| 999 |
|
|
|c 695352
|d 697282
|
| 952 |
|
|
|a SNK
|b SNK
|y PREZ
|7 0
|p 17A1408332
|o snkSP 147305
|i snkPV 100/94
|0 0
|1 0
|4 0
|d 2022-02-22
|l 0
|r 2026-02-23 20:40:08
|w 2026-02-23
|
| 952 |
|
|
|a SNK
|b SNK
|y PREZ
|7 0
|p 17A1408333
|o snkSP 147305 D1
|i snkPV 101/94
|0 0
|1 0
|4 0
|d 2022-02-22
|l 0
|r 2026-02-23 20:40:08
|w 2026-02-23
|